[Event "Ustron op-B"]
[Site "Ustron"]
[Date "2024.08.17"]
[Round "9"]
[White "Balon, Adam"]
[Black "Pawicka, Magdalena"]
[Result "1-0"]
[WhiteElo "1709"]
[BlackElo "1977"]
[PlyCount "125"]
[EventDate "2024.08.09"]
[EventType "swiss"]
[EventRounds "9"]
[EventCountry "POL"]
[SourceTitle "EXT 2025"]
[Source "ChessBase"]
[SourceDate "2024.10.14"]
[SourceVersion "1"]
[SourceVersionDate "2024.10.14"]
[SourceQuality "1"]

1. Nf3 d5 2. e3 Nf6 3. b3 e6 4. Bb2 Be7 5. c4 0-0 6. Nc3 c5 7. Bd3 Nc6 8. cxd5 exd5 9. Ne2 Bg4 10. Ne5 Nxe5 11. Bxe5 Nd7 12. Bb2 Bf6 13. Bxf6 Qxf6 14. Qb1 h6 15. Ng3 Ne5 16. Be2 Bxe2 17. Kxe2 d4 18. Ne4 Qc6 19. f3 f5 20. Ng3 Rae8 21. Kf2 Qb5 22. Rd1 f4 23. exf4 Nd3+ 24. Kg1 Nxf4 25. Qc2 b6 26. Qc4+ Qxc4 27. bxc4 Re6 28. Re1 Rfe8 29. Rxe6 Rxe6 30. Ne4 Kf7 31. Kf2 Ke7 32. Rb1 Kd7 33. g3 Nd3+ 34. Ke2 Ne5 35. d3 Kc6 36. a4 Re7 37. h3 g5 38. f4 gxf4 39. gxf4 Nxc4 40. Rg1 Nb2 41. Rg6+ Kc7 42. f5 c4 43. f6 cxd3+ 44. Kf3 Rd7 45. Rg7 Nc4 46. Kf2 Ne5 47. Ke1 Kc6 48. Kd2 Kd5 49. Re7 Rd8 50. Ng3 Rg8 51. Rg7 Rf8 52. Nh5 Rf7 53. Rg8 Nd7 54. Rd8 Ke6 55. Re8+ Kd6 56. Re4 Nxf6 57. Rxd4+ Ke5 58. Rh4 Nxh5 59. Rxh5+ Ke4 60. Rxh6 Rf2+ 61. Kd1 Ra2 62. Rh7 Rxa4 63. Rh4+ 1-0

[Event "Ustron op-B"]
[Site "Ustron"]
[Date "2024.08.16"]
[Round "8"]
[White "Pawicka, Magdalena"]
[Black "Macura, Mateusz"]
[Result "0-1"]
[WhiteElo "1977"]
[BlackElo "1881"]
[PlyCount "64"]
[EventDate "2024.08.09"]
[EventType "swiss"]
[EventRounds "9"]
[EventCountry "POL"]
[SourceTitle "EXT 2025"]
[Source "ChessBase"]
[SourceDate "2024.10.14"]
[SourceVersion "1"]
[SourceVersionDate "2024.10.14"]
[SourceQuality "1"]

1. e4 e5 2. Nf3 Nf6 3. Nc3 Bb4 4. Bc4 0-0 5. 0-0 Nc6 6. Re1 d6 7. h3 Ne7 8. d4 Ng6 9. Bg5 Bxc3 10. bxc3 h6 11. Bc1 b6 12. Ba3 Re8 13. Bb5 Bd7 14. Bxd7 Qxd7 15. dxe5 Nxe5 16. Nxe5 Rxe5 17. Qd4 Rae8 18. f3 d5 19. Red1 c5 20. Qe3 Qa4 21. Bb2 dxe4 22. c4 R5e6 23. Bxf6 Rxf6 24. fxe4 Qxc4 25. e5 Rfe6 26. Qb3 Qe4 27. Rd7 R8e7 28. Rad1 Rg6 29. Rd8+ Kh7 30. R1d2 Qe1+ 31. Kh2 Qxe5+ 32. Kg1 Qf4 0-1

[Event "Ustron op-B"]
[Site "Ustron"]
[Date "2024.08.14"]
[Round "6"]
[White "Podzorski, Pawel"]
[Black "Pawicka, Magdalena"]
[Result "1/2-1/2"]
[WhiteElo "1781"]
[BlackElo "1977"]
[PlyCount "115"]
[EventDate "2024.08.09"]
[EventType "swiss"]
[EventRounds "9"]
[EventCountry "POL"]
[SourceTitle "EXT 2025"]
[Source "ChessBase"]
[SourceDate "2024.10.14"]
[SourceVersion "1"]
[SourceVersionDate "2024.10.14"]
[SourceQuality "1"]

1. e4 e5 2. Bc4 Nf6 3. Nc3 Nxe4 4. Nf3 Nd6 5. Bb3 Nc6 6. 0-0 Be7 7. Re1 0-0 8. Nxe5 Nd4 9. Nd5 Bg5 10. c3 Nxb3 11. Qxb3 c6 12. Ne3 Ne4 13. d3 Nc5 14. Qc2 d5 15. Nf1 Bf5 16. Ng3 Be6 17. d4 Bxc1 18. Qxc1 Nd7 19. f4 Nxe5 20. dxe5 f5 21. Qe3 Qb6 22. b4 Qxe3+ 23. Rxe3 b6 24. Ne2 c5 25. Rc1 Rac8 26. a3 Rfd8 27. Kf2 Kf7 28. Rd3 Rc7 29. Ng1 Bc8 30. Nf3 h6 31. Re1 Ke6 32. b5 Bb7 33. Red1 a6 34. bxa6 Bxa6 35. R3d2 Rb7 36. a4 Bc4 37. Rb2 Ra8 38. Rdb1 Ra6 39. Ke3 Kd7 40. Nd2 Kc6 41. Nxc4 dxc4 42. Ra1 Rba7 43. Rd2 Rd7 44. Rxd7 Kxd7 45. Rd1+ Ke7 46. Rd6 Rxa4 47. Rxb6 Ra3 48. Rb7+ Kf8 49. e6 Rxc3+ 50. Kd2 Rd3+ 51. Ke2 Rd6 52. Rf7+ Kg8 53. Rc7 Rxe6+ 54. Kf3 Re4 55. Rxc5 g6 56. g4 Kg7 57. gxf5 gxf5 58. Rxf5 1/2-1/2

[Event "Ustron op-B"]
[Site "Ustron"]
[Date "2024.08.13"]
[Round "5"]
[White "Pawicka, Magdalena"]
[Black "Kisielinski, Stanislaw"]
[Result "1-0"]
[WhiteElo "1977"]
[BlackElo "1827"]
[PlyCount "43"]
[EventDate "2024.08.09"]
[EventType "swiss"]
[EventRounds "9"]
[EventCountry "POL"]
[SourceTitle "EXT 2025"]
[Source "ChessBase"]
[SourceDate "2024.10.14"]
[SourceVersion "1"]
[SourceVersionDate "2024.10.14"]
[SourceQuality "1"]

1. e4 e6 2. d4 d5 3. Nc3 Bb4 4. e5 c5 5. a3 cxd4 6. axb4 dxc3 7. bxc3 Bd7 8. Qg4 Qc7 9. Qxg7 Qxc3+ 10. Kd1 Qxa1 11. Qxh8 Kf8 12. Bd3 f5 13. Nf3 Nc6 14. Ke2 Nd4+ 15. Nxd4 Qxd4 16. Bh6+ Ke7 17. Qxh7+ Kd8 18. Qxg8+ Be8 19. Qxe6 Qg4+ 20. Kd2 Qxb4+ 21. c3 Qb2+ 22. Ke3 1-0

[Event "Ustron op-B"]
[Site "Ustron"]
[Date "2024.08.10"]
[Round "2"]
[White "Pawicka, Magdalena"]
[Black "Pniaczek, Marek"]
[Result "0-1"]
[WhiteElo "1977"]
[BlackElo "2093"]
[PlyCount "56"]
[EventDate "2024.08.09"]
[EventType "swiss"]
[EventRounds "9"]
[EventCountry "POL"]
[SourceTitle "EXT 2025"]
[Source "ChessBase"]
[SourceDate "2024.10.14"]
[SourceVersion "1"]
[SourceVersionDate "2024.10.14"]
[SourceQuality "1"]

1. e4 c5 2. Nf3 Nc6 3. d4 cxd4 4. Nxd4 e5 5. Nb5 d6 6. c4 g6 7. N1c3 a6 8. Na3 Bg7 9. Nc2 Be6 10. Be2 Nf6 11. 0-0 0-0 12. Qd3 Rc8 13. b3 Nd4 14. Be3 Nxc2 15. Qxc2 b5 16. Nd1 d5 17. exd5 Nxd5 18. Qe4 f5 19. Qb1 Nf4 20. Bxf4 exf4 21. a4 bxc4 22. bxc4 Bxa1 23. Qxa1 Bxc4 24. Bxc4+ Rxc4 25. Qa2 Qd5 26. Nc3 Qf7 27. Ne2 f3 28. gxf3 Rg4+ 0-1

[Event "Ustron op-B"]
[Site "Ustron"]
[Date "2024.08.09"]
[Round "1"]
[White "Pawicka, Magdalena"]
[Black "Rzadkowska, Lila"]
[Result "1-0"]
[WhiteElo "1977"]
[BlackElo "1794"]
[PlyCount "83"]
[EventDate "2024.08.09"]
[EventType "swiss"]
[EventRounds "9"]
[EventCountry "POL"]
[SourceTitle "EXT 2025"]
[Source "ChessBase"]
[SourceDate "2024.10.14"]
[SourceVersion "1"]
[SourceVersionDate "2024.10.14"]
[SourceQuality "1"]

1. e4 c5 2. Nf3 e6 3. d4 cxd4 4. Nxd4 Nc6 5. Nc3 Qc7 6. f4 a6 7. Nxc6 bxc6 8. Bd3 d5 9. Qf3 Bb7 10. 0-0 d4 11. Nd1 c5 12. b3 Nf6 13. Nb2 Be7 14. Nc4 a5 15. f5 Bd6 16. fxe6 Bxh2+ 17. Kh1 fxe6 18. Qh3 Bd6 19. Qxe6+ Be7 20. Bf4 Bc8 21. Qxf6 gxf6 22. Bxc7 Ra7 23. Bxa5 h5 24. Bb6 Rb7 25. e5 Rh6 26. exf6 Bf8 27. Rae1+ Kf7 28. Be4 Rb8 29. Bc7 Rb4 30. a3 Rxc4 31. Bd5+ Kg6 32. bxc4 h4 33. Re8 h3 34. Rxc8 hxg2+ 35. Kxg2 Rh8 36. f7 d3 37. cxd3 Kg5 38. Be5 Rh4 39. Bf6+ Kh5 40. Bxh4 Kxh4 41. Rxf8 Kh5 42. Rg8 1-0

[Event "Pobeskydy Talents op 42nd"]
[Site "Frydek Mistek"]
[Date "2023.04.09"]
[Round "7"]
[White "Ocelak, Jakub"]
[Black "Pawicka, Magdalena"]
[Result "1-0"]
[WhiteElo "2198"]
[BlackElo "1763"]
[PlyCount "106"]
[EventDate "2023.04.06"]
[EventType "swiss"]
[EventRounds "9"]
[EventCountry "CZE"]
[SourceTitle "EXT 2024"]
[Source "ChessBase"]
[SourceDate "2023.10.10"]
[SourceVersion "1"]
[SourceVersionDate "2023.10.10"]
[SourceQuality "1"]

1. d4 Nf6 2. Nc3 d5 3. Bg5 e6 4. e4 dxe4 5. Nxe4 Be7 6. Bxf6 Bxf6 7. Nf3 0-0 8. c3 b6 9. Bd3 Bb7 10. Qe2 Nd7 11. 0-0-0 Qe7 12. g4 g6 13. g5 Bg7 14. Bb5 a6 15. Bxd7 Qxd7 16. Rhe1 Qd5 17. Kb1 Rad8 18. Nfd2 c5 19. dxc5 bxc5 20. f3 Qf5 21. h4 Rd5 22. Nb3 Rc8 23. Ka1 c4 24. Nd4 Qf4 25. Qd2 Qxd2 26. Rxd2 Rcd8 27. Red1 Be5 28. b3 cxb3 29. axb3 Kg7 30. Ne2 Rxd2 31. Rxd2 Rxd2 32. Nxd2 h6 33. Kb2 hxg5 34. hxg5 f6 35. gxf6+ Kxf6 36. Kc2 Kf5 37. Kd3 g5 38. b4 Bc7 39. Nd4+ Ke5 40. Nc4+ Kd5 41. Nd2 Ke5 42. Ke3 Bd5 43. c4 Bb7 44. N4b3 Bd6 45. c5 Bc7 46. Nc4+ Kd5 47. Ncd2 Bf4+ 48. Kd3 Bxd2 49. Nxd2 a5 50. bxa5 Kxc5 51. Ne4+ Kb4 52. Nxg5 Bxf3 53. Nxe6 Kxa5 1-0

[Event "POL-ch U16 Girls"]
[Site "Jastrzebia Gora"]
[Date "2023.??.??"]
[Round "6"]
[White "Pawicka, Magdalena"]
[Black "Bar, Klaudia"]
[Result "1/2-1/2"]
[WhiteElo "1805"]
[BlackElo "1731"]
[PlyCount "88"]
[EventDate "2023.03.11"]
[EventType "swiss"]
[EventRounds "9"]
[EventCountry "POL"]
[SourceTitle "CBM 213 Extra"]
[Source "ChessBase"]
[SourceDate "2023.05.31"]
[SourceVersion "1"]
[SourceVersionDate "2023.05.31"]
[SourceQuality "1"]

1. e4 c5 2. Nf3 Nc6 3. d4 cxd4 4. Nxd4 e5 5. Nb5 d6 6. c4 Be6 7. N1c3 a6 8. Na3 g6 9. Nc2 Bg7 10. Be3 Nge7 11. Qd2 f5 12. f3 Qc7 13. Nd5 Bxd5 14. cxd5 Nd8 15. Bd3 0-0 16. 0-0 f4 17. Bf2 g5 18. b4 h5 19. a4 g4 20. Be2 Qd7 21. Qd1 g3 22. hxg3 fxg3 23. Bxg3 Ng6 24. Ne3 Qe7 25. Nf5 Qg5 26. Qc1 Rxf5 27. exf5 Nf4 28. Bxf4 exf4 29. Qc4 Bxa1 30. Rxa1 Qxf5 31. Qe4 Qe5 32. Qxe5 dxe5 33. Rc1 Kf7 34. Rc7+ Kf6 35. Bc4 Rb8 36. Rh7 Rc8 37. Bd3 Rc1+ 38. Kf2 Rd1 39. Be4 Rd2+ 40. Kf1 Nf7 41. Rxh5 b5 42. axb5 axb5 43. Rf5+ Ke7 44. d6+ Rxd6 1/2-1/2

[Event "POL-ch U16 Girls"]
[Site "Jastrzebia Gora"]
[Date "2023.??.??"]
[Round "5"]
[White "Pawicka, Magdalena"]
[Black "Kicinska, Magdalena"]
[Result "1-0"]
[WhiteElo "1805"]
[BlackElo "1573"]
[PlyCount "71"]
[EventDate "2023.03.11"]
[EventType "swiss"]
[EventRounds "9"]
[EventCountry "POL"]
[SourceTitle "CBM 213 Extra"]
[Source "ChessBase"]
[SourceDate "2023.05.31"]
[SourceVersion "1"]
[SourceVersionDate "2023.05.31"]
[SourceQuality "1"]

1. e4 c6 2. d4 d5 3. e5 Bf5 4. Nf3 e6 5. Be2 Nd7 6. 0-0 c5 7. c3 Ne7 8. dxc5 Nc6 9. Nd4 Bg6 10. b4 Ndxe5 11. f4 Nd7 12. Bg4 Nxd4 13. cxd4 h5 14. Bh3 a5 15. b5 Nxc5 16. f5 exf5 17. dxc5 Bxc5+ 18. Kh1 0-0 19. Bxf5 Qh4 20. Rf4 Qf6 21. Bxg6 Qxg6 22. Bb2 Qg5 23. Rf3 Rfe8 24. Rg3 Qf4 25. Bxg7 Bf2 26. Be5+ Bxg3 27. Bxf4 Re1+ 28. Qxe1 Bxe1 29. Nd2 Bf2 30. Rc1 b6 31. Nf3 d4 32. Rc2 Be3 33. Bxe3 dxe3 34. Kg1 f5 35. Kf1 f4 36. Rc6 1-0

[Event "POL-ch U16 Girls"]
[Site "Jastrzebia Gora"]
[Date "2023.??.??"]
[Round "8"]
[White "Tokarz, Izabela"]
[Black "Pawicka, Magdalena"]
[Result "1-0"]
[WhiteElo "1725"]
[BlackElo "1805"]
[PlyCount "115"]
[EventDate "2023.03.11"]
[EventType "swiss"]
[EventRounds "9"]
[EventCountry "POL"]
[SourceTitle "CBM 213 Extra"]
[Source "ChessBase"]
[SourceDate "2023.05.31"]
[SourceVersion "1"]
[SourceVersionDate "2023.05.31"]
[SourceQuality "1"]

1. d4 Nf6 2. c4 c5 3. d5 b5 4. cxb5 a6 5. e3 g6 6. Nc3 Bg7 7. a4 0-0 8. Nf3 d6 9. Ra3 axb5 10. Bxb5 Na6 11. e4 Nc7 12. Bc4 Ba6 13. Bxa6 Rxa6 14. 0-0 Qa8 15. Qc2 Rb8 16. h3 Nd7 17. Nd2 Rb4 18. b3 e6 19. dxe6 fxe6 20. Bb2 Ne5 21. Ne2 Rc6 22. f4 Nd7 23. Bxg7 Kxg7 24. f5 Ne5 25. Nc4 Nxc4 26. bxc4 Ra6 27. Qc3+ e5 28. fxg6 hxg6 29. Qf3 Qe8 30. Qf6+ Kg8 31. Raf3 Rb8 32. Qh4 Rxa4 33. Rf7 Qxf7 34. Rxf7 Kxf7 35. Qh7+ Ke6 36. Qxc7 Rb1+ 37. Kh2 Rxc4 38. Qc8+ Ke7 39. Qc7+ Ke6 40. Qc6 Rc2 41. Qe8+ Kf6 42. Qh8+ Ke6 43. Qg8+ Kf6 44. Qf8+ Ke6 45. Qf3 Rbb2 46. Nc3 c4 47. Qg4+ Kf7 48. Nd5 c3 49. Qd7+ Kg8 50. Qd8+ Kg7 51. Qf6+ Kh7 52. Qf7+ Kh6 53. Qf8+ Kh5 54. Qh8+ Kg5 55. h4+ Kg4 56. Nf6+ Kf4 57. Qh6+ g5 58. Qxg5# 1-0

[Event "POL-ch U14 Girls"]
[Site "Uniejow"]
[Date "2021.07.22"]
[Round "6"]
[White "Lazniewska, Zofia"]
[Black "Pawicka, Magdalena"]
[Result "1/2-1/2"]
[WhiteElo "1625"]
[BlackElo "1816"]
[PlyCount "84"]
[EventDate "2021.07.18"]
[EventType "swiss"]
[EventRounds "9"]
[EventCountry "POL"]
[SourceTitle "EXT 2022"]
[Source "ChessBase"]
[SourceDate "2021.10.06"]
[SourceVersion "1"]
[SourceVersionDate "2021.10.06"]
[SourceQuality "1"]

1. e4 c5 2. c3 d5 3. exd5 Qxd5 4. d4 Nc6 5. Nf3 Bg4 6. Be2 cxd4 7. cxd4 e6 8. Nc3 Qa5 9. 0-0 Nf6 10. h3 Bh5 11. Be3 Bd6 12. a3 a6 13. Qb3 Rb8 14. Rfd1 Ne7 15. Bd2 Qd8 16. Bg5 Nfd5 17. Nxd5 exd5 18. Bxe7 Bxe7 19. Qa4+ b5 20. Qxa6 Qb6 21. Qxb6 Rxb6 22. Rac1 0-0 23. g4 Bg6 24. Ne5 Re8 25. Bf3 Be4 26. Bxe4 dxe4 27. Nc6 Bg5 28. Rc2 e3 29. fxe3 Bxe3+ 30. Kg2 Bg5 31. d5 Kf8 32. Rd3 Bf6 33. Kf3 Rc8 34. Re2 Re8 35. Rxe8+ Kxe8 36. b3 Kd7 37. Ke4 Kd6 38. Rd2 Ra6 39. Ra2 Ra8 40. Nd4 Re8+ 41. Kd3 Bxd4 42. Kxd4 Re5 1/2-1/2

[Event "POL-chT U20"]
[Site "Lublin"]
[Date "2021.07.01"]
[Round "6.6"]
[White "Pawicka, Magdalena"]
[Black "Szopa, Emilia"]
[Result "1-0"]
[WhiteElo "1799"]
[BlackElo "1688"]
[PlyCount "57"]
[EventDate "2021.06.26"]
[EventType "team-tourn"]
[EventRounds "9"]
[EventCountry "POL"]
[SourceTitle "CBM 203 Extra"]
[Source "ChessBase"]
[SourceDate "2021.09.30"]
[SourceVersion "1"]
[SourceVersionDate "2021.09.30"]
[SourceQuality "1"]
[WhiteTeam "Czarna LKSz"]
[BlackTeam "Krakow KKSz"]
[WhiteTeamCountry "POL"]
[BlackTeamCountry "POL"]

1. Nf3 Nf6 2. b3 g6 3. Bb2 Bg7 4. g3 d6 5. Bg2 c6 6. c4 e5 7. d3 Nh5 8. e4 f5 9. exf5 Bxf5 10. d4 e4 11. Nh4 Nf4 12. Nxf5 Nxg2+ 13. Kf1 gxf5 14. Qh5+ Ke7 15. Qg5+ Kf7 16. Qxf5+ Qf6 17. Qxf6+ Bxf6 18. Kxg2 c5 19. Nd2 Bxd4 20. Bxd4 cxd4 21. Nxe4 Ke7 22. Rhe1 Kd7 23. Rad1 Nc6 24. c5 dxc5 25. Nxc5+ Kc7 26. Ne6+ Kb6 27. Nxd4 Nxd4 28. Rxd4 Rac8 29. Re7 1-0

[Event "POL-chT U20"]
[Site "Lublin"]
[Date "2021.06.29"]
[Round "4.6"]
[White "Pawicka, Magdalena"]
[Black "Sprzeczka, Emilia"]
[Result "1/2-1/2"]
[WhiteElo "1799"]
[BlackElo "1431"]
[PlyCount "120"]
[EventDate "2021.06.26"]
[EventType "team-tourn"]
[EventRounds "9"]
[EventCountry "POL"]
[SourceTitle "CBM 203 Extra"]
[Source "ChessBase"]
[SourceDate "2021.09.30"]
[SourceVersion "1"]
[SourceVersionDate "2021.09.30"]
[SourceQuality "1"]
[WhiteTeam "Czarna LKSz"]
[BlackTeam "Rydultowy Ognisko"]
[WhiteTeamCountry "POL"]
[BlackTeamCountry "POL"]

1. e4 e5 2. Nf3 Nc6 3. Bc4 Bc5 4. 0-0 Nf6 5. d4 Bxd4 6. Nxd4 Nxd4 7. Bg5 Ne6 8. f4 Qe7 9. Bxe6 Qxe6 10. Nc3 h6 11. fxe5 Nxe4 12. Nxe4 hxg5 13. Nxg5 Qb6+ 14. Kh1 Qh6 15. Nf3 b6 16. Qd5 Rb8 17. Rad1 g5 18. Qc4 c6 19. Qg4 d5 20. Qxg5 Qxg5 21. Nxg5 Be6 22. Rf6 Rh5 23. Nxe6 fxe6 24. Rxe6+ Kd7 25. Rd6+ Kc7 26. Rg6 Rxe5 27. Rg7+ Kd6 28. Rxa7 Re2 29. c4 Rxb2 30. cxd5 cxd5 31. Ra3 Rf8 32. Rb3 Rff2 33. Rxb2 Rxb2 34. h4 Rxa2 35. Kh2 b5 36. Kg3 b4 37. h5 Ke5 38. Rb1 Ra3+ 39. Kf2 Ra2+ 40. Kf3 Ra3+ 41. Ke2 Ra2+ 42. Kf3 Ra3+ 43. Ke2 Rg3 44. Rxb4 Rxg2+ 45. Kd3 Rh2 46. Ra4 Rxh5 47. Rb4 Rh3+ 48. Kd2 d4 49. Rb8 Rh6 50. Re8+ Kd5 51. Rd8+ Kc5 52. Rc8+ Rc6 53. Rxc6+ Kxc6 54. Kd3 Kc5 55. Kd2 Kc4 56. Kc2 d3+ 57. Kd2 Kd4 58. Kd1 Ke3 59. Ke1 d2+ 60. Kd1 Kd3 1/2-1/2

[Event "Poronin Tatra Limba op"]
[Site "Poronin"]
[Date "2021.05.26"]
[Round "6"]
[White "Pawicka, Magdalena"]
[Black "Bartodziej, Bartosz"]
[Result "0-1"]
[WhiteElo "1824"]
[BlackElo "1784"]
[PlyCount "108"]
[EventDate "2021.05.22"]
[EventType "swiss"]
[EventRounds "9"]
[EventCountry "POL"]
[SourceTitle "EXT 2022"]
[Source "ChessBase"]
[SourceDate "2021.10.06"]
[SourceVersion "1"]
[SourceVersionDate "2021.10.06"]
[SourceQuality "1"]

1. e4 c5 2. Ne2 d6 3. g3 Nf6 4. Bg2 g6 5. c3 Bg7 6. d4 cxd4 7. cxd4 0-0 8. 0-0 Nc6 9. Nbc3 a6 10. h3 e6 11. Be3 d5 12. exd5 Nxd5 13. Nxd5 exd5 14. Nf4 Be6 15. Nxe6 fxe6 16. Qg4 Qd6 17. Rad1 Ne7 18. Rfe1 Nf5 19. Qe2 Qd7 20. Rd3 Rae8 21. Qd2 Nd6 22. b3 Ne4 23. Qd1 Qf7 24. Bxe4 dxe4 25. Rd2 Rd8 26. Qe2 Rd5 27. h4 Rfd8 28. Qg4 Qf5 29. Qxf5 gxf5 30. Red1 Bf8 31. Bg5 R8d7 32. Rc2 e5 33. Rc8 exd4 34. Bh6 Rd8 35. Rxd8 Rxd8 36. Bxf8 Kxf8 37. Kf1 Ke7 38. Ke2 Ke6 39. Rc1 Rd6 40. Rc7 Rd7 41. Rc5 d3+ 42. Kd1 b6 43. Rc6+ Rd6 44. Rc7 h6 45. Rh7 Ke5 46. Rf7 a5 47. h5 Rf6 48. Rg7 f4 49. gxf4+ Kxf4 50. Rg6 Kf5 51. Rg2 Ke5 52. Kd2 Kd4 53. Rg6 Rxf2+ 54. Kd1 Ke3 0-1

[Event "Poronin Tatra Limba op"]
[Site "Poronin"]
[Date "2021.05.25"]
[Round "5"]
[White "Owoc, Jakub"]
[Black "Pawicka, Magdalena"]
[Result "1-0"]
[WhiteElo "1753"]
[BlackElo "1824"]
[PlyCount "51"]
[EventDate "2021.05.22"]
[EventType "swiss"]
[EventRounds "9"]
[EventCountry "POL"]
[SourceTitle "EXT 2022"]
[Source "ChessBase"]
[SourceDate "2021.10.06"]
[SourceVersion "1"]
[SourceVersionDate "2021.10.06"]
[SourceQuality "1"]

1. b3 d5 2. Bb2 Nf6 3. Nf3 e6 4. e3 Be7 5. c4 0-0 6. Be2 b6 7. d4 Bb7 8. 0-0 Ne4 9. Nfd2 f5 10. f3 Nf6 11. Nc3 c5 12. Rc1 Kh8 13. f4 Nc6 14. Nf3 Ng4 15. Qd2 Bf6 16. Rfd1 Ne7 17. h3 Nh6 18. dxc5 bxc5 19. Na4 Rc8 20. Bxf6 Rxf6 21. cxd5 Nxd5 22. Nxc5 Ba8 23. Ng5 Qe7 24. Ncxe6 Rb8 25. Bf3 Nb6 26. Rc7 1-0

[Event "Poronin Tatra Limba op"]
[Site "Poronin"]
[Date "2021.05.24"]
[Round "3"]
[White "Panek, Bartosz"]
[Black "Pawicka, Magdalena"]
[Result "1-0"]
[WhiteElo "1971"]
[BlackElo "1824"]
[PlyCount "57"]
[EventDate "2021.05.22"]
[EventType "swiss"]
[EventRounds "9"]
[EventCountry "POL"]
[SourceTitle "EXT 2022"]
[Source "ChessBase"]
[SourceDate "2021.10.06"]
[SourceVersion "1"]
[SourceVersionDate "2021.10.06"]
[SourceQuality "1"]

1. e4 e5 2. Nf3 Nc6 3. Bc4 Bc5 4. c3 Nf6 5. d4 exd4 6. cxd4 Bb4+ 7. Nbd2 d5 8. exd5 Nxd5 9. 0-0 0-0 10. a3 Be7 11. Re1 Bg4 12. Qc2 Bf6 13. Qe4 Bxf3 14. Nxf3 Nb6 15. Bd3 g6 16. Be3 Re8 17. Qg4 h5 18. Qg3 Qd7 19. Rad1 Nd5 20. Bc4 Nce7 21. Ne5 Qd6 22. Bf4 Qd8 23. Qf3 Rf8 24. Bh6 Bg7 25. Bg5 Qd6 26. Bxe7 Nxe7 27. Nxf7 Qf6 28. Ne5+ Kh7 29. Qxf6 1-0

[Event "POL-ch U20 Girls"]
[Site "Pokrzywna"]
[Date "2020.12.02"]
[Round "5"]
[White "Dylag, Emilia"]
[Black "Pawicka, Magdalena"]
[Result "1-0"]
[WhiteElo "2082"]
[BlackElo "1762"]
[PlyCount "89"]
[EventDate "2020.11.30"]
[EventType "swiss"]
[EventRounds "9"]
[EventCountry "POL"]
[SourceTitle "CBM 199 Extra"]
[Source "ChessBase"]
[SourceDate "2021.01.31"]
[SourceVersion "1"]
[SourceVersionDate "2021.01.31"]
[SourceQuality "1"]

1. d4 d5 2. c4 e6 3. Nc3 Nf6 4. cxd5 exd5 5. Bg5 c6 6. e3 Be7 7. Bd3 0-0 8. Qc2 h6 9. Bf4 Bd6 10. Bxd6 Qxd6 11. Nf3 Nbd7 12. 0-0 Re8 13. a3 b6 14. b4 Bb7 15. Rab1 Rac8 16. Rfc1 Qb8 17. a4 Qa8 18. a5 bxa5 19. bxa5 c5 20. a6 Bc6 21. Bf5 Rc7 22. Qa2 c4 23. Qa5 Qd8 24. Rb2 Rc8 25. Qa2 Rb8 26. Rxb8 Qxb8 27. Nd2 Nb6 28. Rb1 Qd6 29. Nf3 Nfd7 30. h3 g6 31. Bc2 Kg7 32. Qa5 Re7 33. Re1 f5 34. h4 h5 35. Ne2 Ba8 36. Nf4 Nb8 37. Qc3 N6d7 38. Ra1 Kh7 39. Qa5 Re8 40. Ba4 Qb6 41. Qxb6 axb6 42. a7 Nc6 43. Nxd5 Rc8 44. Ng5+ Kg7 45. Ne6+ 1-0

[Event "POL-ch U20 Girls"]
[Site "Pokrzywna"]
[Date "2020.12.02"]
[Round "4"]
[White "Pawicka, Magdalena"]
[Black "Adamczyk, Zuzanna"]
[Result "1/2-1/2"]
[WhiteElo "1762"]
[BlackElo "1924"]
[PlyCount "69"]
[EventDate "2020.11.30"]
[EventType "swiss"]
[EventRounds "9"]
[EventCountry "POL"]
[SourceTitle "CBM 199 Extra"]
[Source "ChessBase"]
[SourceDate "2021.01.31"]
[SourceVersion "1"]
[SourceVersionDate "2021.01.31"]
[SourceQuality "1"]

1. e4 g6 2. d4 Bg7 3. Nc3 c6 4. Be3 d5 5. h3 dxe4 6. Nxe4 Nf6 7. Nxf6+ exf6 8. Bc4 0-0 9. Nf3 Nd7 10. 0-0 Nb6 11. Bb3 Nd5 12. Bd2 Bf5 13. c4 Nb6 14. Bc3 Re8 15. Re1 Qd7 16. Qd2 Be6 17. Qd3 Rad8 18. Rad1 Bf5 19. Qf1 Rxe1 20. Rxe1 g5 21. Re3 Nc8 22. d5 c5 23. Qe1 Bg6 24. Nd2 f5 25. Bxg7 Kxg7 26. Nf3 f6 27. Qc3 h6 28. Re6 Qf7 29. Qe3 Qf8 30. Qe1 Bf7 31. Re2 Re8 32. Ba4 Rxe2 33. Qxe2 Nd6 34. Nd2 Qd8 35. Qe3 1/2-1/2

[Event "Liberec op 20th"]
[Site "Liberec"]
[Date "2020.02.29"]
[Round "9"]
[White "Vitak, Jiri"]
[Black "Pawicka, Magdalena"]
[Result "0-1"]
[WhiteElo "2199"]
[BlackElo "1962"]
[PlyCount "36"]
[EventDate "2020.02.22"]
[EventType "swiss"]
[EventRounds "9"]
[EventCountry "CZE"]
[SourceTitle "CBM 195 Extra"]
[Source "ChessBase"]
[SourceDate "2020.05.31"]
[SourceVersion "1"]
[SourceVersionDate "2020.05.31"]
[SourceQuality "1"]

1. d4 d5 2. c4 e6 3. Nf3 Nf6 4. g3 dxc4 5. Bg2 Bd7 6. Ne5 Bc6 7. Nxc6 Nxc6 8. Qa4 Qd7 9. Qxc4 Nxd4 10. Bxb7 Rb8 11. Bg2 Bb4+ 12. Nc3 Nc2+ 13. Kf1 Rb6 14. Be3 Rd6 15. Rc1 Bxc3 16. Bf3 Nxe3+ 17. fxe3 Bd2 18. Rc2 Nd5 0-1

[Event "Liberec op 20th"]
[Site "Liberec"]
[Date "2020.02.26"]
[Round "6"]
[White "Pawicka, Magdalena"]
[Black "Kucera, Petr"]
[Result "0-1"]
[WhiteElo "1962"]
[BlackElo "2203"]
[PlyCount "66"]
[EventDate "2020.02.22"]
[EventType "swiss"]
[EventRounds "9"]
[EventCountry "CZE"]
[SourceTitle "CBM 195 Extra"]
[Source "ChessBase"]
[SourceDate "2020.05.31"]
[SourceVersion "1"]
[SourceVersionDate "2020.05.31"]
[SourceQuality "1"]

1. e4 d5 2. exd5 Nf6 3. Bb5+ Nbd7 4. c4 a6 5. Ba4 b5 6. cxb5 Nxd5 7. Ne2 N5b6 8. 0-0 e6 9. d4 Bd6 10. Nbc3 Nxa4 11. Qxa4 0-0 12. Qc2 Bb7 13. Bf4 Bxf4 14. Nxf4 axb5 15. Ne4 Ra4 16. Rfd1 e5 17. Ne2 exd4 18. Rxd4 Rxd4 19. Nxd4 Qa8 20. Ng5 Nf6 21. Nxb5 Bxg2 22. Nxc7 Qb7 23. Re1 h6 24. f3 Bxf3 25. Nxf3 Qxf3 26. Qf2 Qc6 27. Qf4 Rc8 28. Rc1 Qb6+ 29. Kh1 Qxb2 30. Qc4 Qb7+ 31. Kg1 Ne8 32. Re1 Nd6 33. Qd5 Qxc7 0-1

[Event "Liberec op 20th"]
[Site "Liberec"]
[Date "2020.02.25"]
[Round "5"]
[White "Sernecki, Franciszek"]
[Black "Pawicka, Magdalena"]
[Result "1/2-1/2"]
[WhiteElo "2218"]
[BlackElo "1962"]
[PlyCount "81"]
[EventDate "2020.02.22"]
[EventType "swiss"]
[EventRounds "9"]
[EventCountry "CZE"]
[SourceTitle "CBM 195 Extra"]
[Source "ChessBase"]
[SourceDate "2020.05.31"]
[SourceVersion "1"]
[SourceVersionDate "2020.05.31"]
[SourceQuality "1"]

1. d4 d5 2. c4 dxc4 3. e4 Nf6 4. e5 Nd5 5. Bxc4 Nb6 6. Bd3 Nc6 7. Be3 Nb4 8. Be4 f5 9. a3 N4d5 10. Bd3 Nxe3 11. fxe3 Be6 12. Ne2 Qd7 13. Nf4 0-0-0 14. Qh5 g6 15. Qh3 Nd5 16. Nxe6 Qxe6 17. 0-0 Qb6 18. Nc3 e6 19. Nxd5 Rxd5 20. b4 h5 21. Kh1 g5 22. e4 g4 23. Qh4 Rxd4 24. Qf6 Rg8 25. Qf7 Rh8 26. Qf6 Rg8 27. Qf7 Rh8 28. Bc4 Bh6 29. Qf6 Re8 30. Qxh6 Rxc4 31. Qxh5 Rd8 32. exf5 Qc6 33. Rad1 Rxd1 34. Rxd1 b6 35. f6 Qd5 36. Rg1 Kb7 37. f7 Rf4 38. Qxg4 Rxg4 39. f8Q Rxg2 40. Rxg2 Qd1+ 41. Rg1 1/2-1/2